| 000 -LEADER | |
|---|---|
| fixed length control field | 00331nam a22001337a 4500 |
| 020 ## - INTERNATIONAL STANDARD BOOK NUMBER | |
| ISBN | 0060614994 |
| 050 ## - LIBRARY OF CONGRESS CALL NUMBER | |
| Classification number | HQ 728 cli |
| 100 ## - MAIN ENTRY--AUTHOR NAME | |
| Personal name | CLINEBELL, Howard S |
| 245 ## - TITLE STATEMENT | |
| Title | The intimate marriage |
| 260 ## - PUBLICATION, DISTRIBUTION, ETC. (IMPRINT) | |
| Place of publication | New York |
| Name of publisher | Harper & Row |
| Year of publication | 1970 |
| 300 ## - PHYSICAL DESCRIPTION | |
| Number of Pages | xviii, 231 pages: references. |
| 700 ## - ADDED ENTRY--PERSONAL NAME | |
| Personal name | CLINEBELL, Charlotte H. |
| 942 ## - ADDED ENTRY ELEMENTS (KOHA) | |
| Koha item type | Books |
| Koha item type | Collection code | Shelving location | Accession Number | Permanent Location | Current Location | Date acquired | Full call number |
|---|---|---|---|---|---|---|---|
| Books | Lending | Lending | 3763 | Chapman Library | Chapman Library | 2017-02-11 | HQ 728 cli |

